1704 1223 1503 1117 1806 1266 1096 1909 1158 1811 1022 1378 1704 1109 1159 1402 1268 1343 1808 1513 1623 1745 1552 1087 1784 1656 1653 1207 1571 1315 1430 1594 1342 1469 1398 1764 1763 1740 1161 1025 1725 1752 1715 1735 1276 1016 1768 1405 1547 1259 1858 1967 1531 1935 1534 1638 1642 1637 1349 1643 1423 1332 1269 1301 1613 1761 1584 1090 1434 1808 1987 1226 1835 1985 1235 1810 1286 1849 1881 1371 1710 1964 1860 1408 1080 1261 1660 1695 1351 1680 1306 1244 1633 1147 1242 1006 1650 1245 1025 BCNSPRNW ULIB Ver.6.0+V

เปลี่ยนเป็นภาษาไทย

Change to English
 แสดงรายละเอียดบรรณานุกรม
  กลับหน้าหลัก

Brief Record : Get Marc (ISO 2709) : E-mail record : QR code < ปิดหน้าต่าง
LEADER : 00000nam 2200000uu 4500
001    13399122510
003     ULIB
008    980814s2541 th m 000 0 tha d
020    ^a9745898732
099    ^aวพ.WA350^bป168ก
100 0  ^aปนัดดา จั่นผ่อง,^d2509-
245 10 ^aการรับรู้บทบาทการเป็นบิดาของนักศึกษาชายระดับประกาศนียบัตรวิชาชีพชั้นสูงจังหวัดนครสวรรค์ =^bPerception of father roles of the vocational male students, Nakhonsawan province /^cปนัดดา จั่นผ่อง
246 31 ^aPerception of father roles of the vocational male students,Nakhonsawan province
260    ^a^c2541
300    ^aก-ญ, 176 แผ่น ;^c30 ซม.
500    ^aSend to Single Search
502    ^aวิทยานิพนธ์ (วท.ม. (สาธารณสุขศาสตร์))--มหาวิทยาลัยมหิดล, 2541
610 24 ^aมหาวิทยาลัยมหิดล^xวิทยานิพนธ์
610 24 ^aมหาวิทยาลัยมหิดล. ^bคณะสาธารณสุขศาสตร์^xวิทยานิพนธ์
650  4 ^aการรับรู้
650  4 ^aบทบาทการเป็นบิดา
650  4 ^aความสัมพันธ์ระหว่างบิดาและบุตร
691    ^aวท.ม. (2541)
692    ^aอนามัยครอบครัว (มหาวิทยาลัยมหิดล 2541)
710 2  ^aมหาวิทยาลัยมหิดล
710 2  ^aมหาวิทยาลัยมหิดล. ^bคณะสาธารณสุขศาสตร์
945    ^p0^l0^i009597
999    ^aกมลทิพย์ ธนสารสุธี
รายการนี้ยังไม่มีแท็ก
คุณยังไม่ได้ล็อกอิน คุณสามารถมีกิจกรรมร่วมกับเว็บไซต์ได้ แต่ต้องล็อกอินก่อน ::
  ล็อกอิน

รายการสื่อสารสนเทศ

ลำดับที่ ประเภท เลขเรียก/บาร์โค้ด สถานที่ สถานะ
1. วิทยานิพนธ์
วิทยานิพนธ์
วพ.WA350 ป168ก  
  Barcode: 009597
ห้องสมุดวิทยาเขตสวรรค์ประชารักษ์
► วิทยานิพนธ์
บนชั้น

รายการใกล้เคียง
    หัวเรื่อง [การรับรู้]
    หัวเรื่อง [บทบาทการเป็นบิดา]

BibComment


ยังไม่เคยถูกคอมเมนท์

คอมเมนท์ทรัพยากรรายการนี้
  คอมเมนท์: การรับรู้บทบาทกา..


 Copyright 2026. Bcnsprnw @Library